Statistiques concernant Littérature commençant par la lettre K

Cliquez ici pour prendre le quiz!

Statistiques générales

  • Ce quiz a été pris 854 fois
  • Le résultat moyen est 8 sur 20

Statistiques - réponses

IndicesRéponses% Correct
Auteur du Livre de la jungleRudyard Kipling
81%
Célèbre écrivain du XXème siècle auteur de La MétamorphoseFranz Kafka
77%
Nom de famille de Anna dans un roman de TolstoïKarénine
75%
Ville dans laquelle Mémoires d'une geisha se dérouleKyoto
69%
Nouvelle d'HemingwayLes Neiges du {Kilimandjaro}
67%
Créature marine des légendes scandinaves dotée de multiples tentaculesKraken
65%
Elève de Durmstrang qui participa au Tournoi des Trois SorciersViktor Krum
59%
Protagoniste de la trilogie Hunger Games (prénom)Katniss
55%
Auteur du LionJoseph Kessel
53%
Série de bandes-dessinées mettant en scène un enfant du même nom fan de jeux vidéoKid Paddle
40%
Ancien Mangemort et directeur de l'école de magie DurmstrangIgor Karkaroff
33%
Cet homme politique américain a remporté un Pulitzer pour "Profiles in Courage", mais il n'en est peut-être pas l'auteurJohn F. Kennedy
30%
Correspondant imaginaire d'Anne FrankKitty
20%
Esprit de la force et du pouvoir dans la mythologie grecqueKratos
16%
Frère de Violette et Prunille BaudelaireKlaus Baudelaire
10%
Auteur de Vol au-dessus d'un nid de coucouKen Kesey
5%
Dramaturge qui entra dans le répertoire de la Comédie française avec Le Retour au désertBernard-Marie Koltès
4%
Scientifique ayant créé un sérum de vérité pour Rastapopoulos dans Vol 714 pour SydneyKrollspell
2%
Habitants d'un petite royaume au Sud de l'Egypte qu'Astérix rencontre dans la TransitaliqueKoushites
0%
Après avoir fait des études de commerce, il se lie d'amitié avec Otto Frank et devient le principal protecteur de la famille JuiveVictor Kugler
0%

Distribution des résultats

Percentile par nombre de réponses

% des personnes avec chaque résultat

Votre développement - résultats

Vous n’avez pas pris ce quiz